| 000 | 00547nam a2200229Ia 4500 | ||
|---|---|---|---|
| 999 |
_c6020 _d6020 |
||
| 003 | 0100 | ||
| 008 | 130227s9999 xx 000 0 und d | ||
| 040 | _cARRUPELIB | ||
| 050 | _aBX4705.H72 P928 2001 | ||
| 245 | _aPress on | ||
| 245 | _bMichael Hollings: his life and witness | ||
| 260 | _aEssex | ||
| 260 | _bMcCrimmons | ||
| 300 | _a203p. | ||
| 300 | _b 23 cm | ||
| 600 |
_aHollings, Michael _929677 |
||
| 650 |
_bSocial medicine _925991 |
||
| 650 |
_cmedicine - Philosophy _929678 |
||
| 650 |
_dMedical case _929678 |
||
| 700 |
_aDalrymple, Jock .....et al. (ed.) _929679 |
||
| 942 |
_2lcc _cMONOGRAPH |
||